00373 a2200109 4500001001000000005001700010008004100027245008900068100002100157773006800178999001700246ART_1477420260410161913.0260409a 10aA comment on limited independence between income responses and household composition1 aMuellbauer, John0 tEuropean economic reviewg- Vol. 8, NÂș 1 (jun. 1976)wREV13346 c27028d27028